000 00465 a2200169 4500
001 143905
040 _cLeonardo Da Vinci
041 _aPortuguês
082 _a332.71 V666n
_bV666n
100 _aVIAN, Ademiro
245 _aNovos instrumentos de financiamento do agronegócio
260 _bFEBRABAN
_c2005
_aSão Paulo
362 _a20050000
500 _aInclui bibliografia
697 _aAgronegócio
_aCadeias produtivas
_aFinanciamento
_aFIPEN
942 _cBK
999 _c143905
_d143905